|
|
|
|
| LEADER |
00000nam a22000007a 4500 |
| 005 |
20160118121949.0 |
| 007 |
cr|z|| ||u| |
| 008 |
160118s2015 sp ||||| |||| 00||0 spa d |
| 020 |
|
|
|a 9788494350764
|
| 035 |
|
|
|a 13027
|
| 040 |
|
|
|a vLex
|
| 090 |
|
|
|c 5798
|d 5798
|
| 100 |
1 |
|
|a Rita Tamš, Gilberto Santa
|
| 245 |
1 |
3 |
|a El delito de organizacin̤ terrorista
|h [Recurso electrn̤ico] /
|c Gilberto Santa Rita Tamš
|
| 246 |
1 |
3 |
|a Un modelo de Derecho penal del enemigo. Anl̀isis desde la perspectiva de la imputacin̤ objetiva.
|
| 256 |
|
|
|a Servicio en ln̕ea
|
| 260 |
|
|
|a Barcelona
|b J.M. Bosch Editor
|c 2015
|
| 300 |
|
|
|a 1 recurso electrn̤ico
|
| 500 |
|
|
|a La problemt̀ica del terrorismo organizado es una realidad innegable que pone en jaque a las modernas democracias alrededor del mundo. La Ley penal, debidamente apegada al principio de legalidad, se ha erigido como el n︢ico instrumento viable para tratar los fenm̤enos criminales de mx̀ima entidad desestabilizadora. La presente obra explora minuciosamente la regulacin̤ espaǫla en materia de combate a la conformacin̤ de organizaciones terroristas, de acuerdo a la novedosa reforma del aǫ 2015. La conducta conformativa de organizaciones terroristas se analiza a travš de la teora̕ del derecho penal del enemigo, ampliamente estudiada en la Universidad Hispalense de Sevilla y que ha sido el centro de un intenso debate doctrinal, legal y jurisprudencial alrededor del mundo. Por medio de los vectores de dicho esquema ter̤ico y prc̀tico, se lleva a cabo una profunda reflexin̤ sobre las categora̕s pertenecientes a la teora̕ general del delito aplicadas al crimen de conformacin̤ de organizacin̤ terrorista. El trabajo se encuentra claramente insertado en los postulados del moderno sistema funcional-normativista, aportando una sugerente disertacin̤, sostenida en profundos fundamentos ter̤icos, pero claramente aplicables a la prc̀tica. El derecho penal del enemigo es un sistema polt̕ico criminal portador de un alto contenido dogmt̀ico, lo que robustece su solidez cientf̕ica. Sin embargo, el texto no ignora lo controvertido del tema y la validez de las diversas opinones crt̕icas en torno a su paradigma asegurativo-preventivo orientado hacia el combate. La realidad criminal en el mundo ha llevado a la implementacin̤ de sistemas penales especializados para hacer frente a la delincuencia ms̀ violenta (delitos de organizacin̤). En vista de ello es imprescindible explorar dichos marcos normativos en aras de una debida comprensin̤, mejoramiento y sobre todo, limitacin̤.
|
| 506 |
1 |
|
|a Contenido solo disponible en los productos indicados
|d vLex Global
|d vLex Global (Academic Edition, excluding Law Schools)
|d vLex Global (U.S. Academic Edition, Law Schools)
|d vLex Global (U.S. Academic Edition, excluding Law Schools)
|d vLex Global (Academic Edition, Law Schools)
|
| 650 |
0 |
4 |
|a Drecho penal
|z Espaą
|
| 740 |
0 |
|
|a vLex libros (servicio en ln̕ea)
|
| 856 |
4 |
0 |
|u http://vlex.com/source/delito-de-organizacion-terrorista-un-modelo-de-derecho-penal-del-enemigo-analisis-desde-la-perspectiva-de-la-imputacion-objetiva-13027
|z Acceso restringido
|
| 942 |
|
|
|c BOOK
|
| 999 |
0 |
|
|a Criminal law
|